00445ntaaa2200169 45000030003000000050017000030080021000200400037000410820017000781000020000952450033001152500010001482600059001583000010002176500022002276500026002490120251027202225.00714s1973 ag 01  aAR-BaBNbspacAR-BaBNeaacrdRIC a268.0000 St7 aStover, Ione B  aO ensino na escola dominical a1 ed. aRío de Janeiro : bCasa Publicadora Batista, cc1940 a119 p aescuela dominical aeducación religiosa